000 00439nam a2200181Ia 4500
001 9273
005 20260306160711.0
008 260306t2017||||xx |||||||||||||| ||spa||
041 _aESP
082 _a378.01
_bH22
100 _aHarland, Tony
_eAUT
245 0 _aEnseñanza universitaria:
_buna guía introductoria
260 _c2017
300 _a167 páginas :
_c24 cm.
650 _aGEN
654 _aCED
942 _cLIB
_dJUS
_fJUS
_2ddc
_n
999 _c9273
_d9273